000 01209cam a2200385 4500
001 a442
003 DO-SdBPM
005 20260209102156.0
007 ta
008 090210s1990 sp | |||| 000 f spa
015 _a
017 _a
_b
020 _a842611671X
035 _a
040 _aDO-SdBPM
_bspa
_cBPMSU
_e rda
041 1 _aspa
_h
080 _a
082 4 _a839.8236
_bP969s 1990
_222
100 1 _aProysen, Alf.
_4aut.
_eautor
245 1 3 _aLa señora cucharita /
_cAlf Proysen ; traducción de Herminia Dauer ; ilustraciones de Montse Ginesta.
_h
264 _aBarcelona :
_bEditorial Juventud,
_c1990
300 _a79 páginas ;
_c21 cm
336 _atexto
_btxt
_2rdacontent
337 _asin mediación
_bn
_2rdamedia
338 _avolumen
_bnc
_2rdacarrier
500 _aIncluye datos biográficos del autor en la contracubierta
534 _pTítulo original.
_tSagam om gumman.
590 _aInventariado, 2025/VM
650 7 _aCuentos infantiles noruegos
650 7 _aCucharas
_vCuentos.
700 1 _aDauer, Herminia,
_etraductor
700 1 _aGinesta, Montse,
_eilustración
910 _aVMateo V. Control de calidad. BPMSU
942 _2ddc
_cBK
999 _c15672
_d15672